[Event "POL-ch U18 Girls"]
[Site "Leba"]
[Date "2008.03.31"]
[Round "4"]
[White "Raszkiewicz, Agnieszka"]
[Black "Malewska, Izabela"]
[Result "1-0"]
[WhiteElo "1835"]
[BlackElo "1429"]
[PlyCount "69"]
[EventDate "2008.03.29"]
[EventType "swiss"]
[EventRounds "11"]
[EventCountry "POL"]
[SourceTitle "CBM 123 Extra"]
[Source "ChessBase"]
[SourceDate "2008.05.06"]
[SourceVersion "1"]
[SourceVersionDate "2008.05.06"]
[SourceQuality "1"]

1. e4 c6 2. c4 d5 3. exd5 cxd5 4. cxd5 Nf6 5. Nc3 g6 6. Bc4 Bg7 7. Nge2 0-0 8. d4 Nbd7 9. Bg5 Nb6 10. Bxf6 Bxf6 11. Bb3 Bg7 12. 0-0 Nd7 13. Ne4 Nf6 14. N2c3 b6 15. Qf3 Bb7 16. Rad1 Kh8 17. Nxf6 Bxf6 18. Qf4 Rc8 19. Rfe1 a6 20. Ne4 Bxd5 21. Bxd5 Qxd5 22. Nxf6 exf6 23. Qxf6+ Kg8 24. Qxb6 Rc6 25. Qb7 Rfc8 26. h3 R8c7 27. Qb8+ Kg7 28. Qe8 Qxa2 29. d5 Rf6 30. d6 Rc2 31. Rf1 Qxb2 32. Qe3 Qb8 33. d7 Re6 34. Qd4+ Kh6 35. d8Q 1-0